Shameless / (Registro nro. 14175)

Detalles MARC
000 -LIDER
fixed length control field 00574nam a2200217 4500
003 - IDENTIFICACDOR DE NÚMERO DE CONTROL
control field DO-SdBNP
005 - DATE AND TIME OF LATEST TRANSACTION
control field 20220428123850.0
008 - ELEMENTOS DE LONGITUD FIJA
fixed length control field 180308s1994 nyu
040 ## - FUENTE DE CATALOGACIÓN
Agencia que crea de manera original el registro BPMSU
Idioma de catalogación spa
Agencia que realiza la transcripción BPMSU
041 17 - CÓDIGOS DE OBRAS TRADUCIDAS O EN VARIOS IDIOMAS
Código del idioma del texto/archivo de sonido o separata eng
082 ## - NÚMERO DE CLASIFICACIÓN DECIMAL DE DEWEY
Classification number 813
Item number B636s 1983
Edition number 22
100 1# - ASIENTO PRINCIPAL -- NOMBRE PERSONAL
Nombre personal Blake, Jennifer
Fechas asociadas con el nombre 1942-
Títulos u otras palabras asociadas con el nombre
245 00 - MENCIÓN DE TITULO
Título Shameless /
Mención de responsabilidad Jennifer Blake.
Número de la parte o sección de una obra
Nombre de la parte o sección de una obra
Medio (Designación general de material)
Subtítulo
260 ## - PUBLICACIÓN, DISTRIBUCIÓN, ETC. (PIE DE IMPRENTA)
Lugar de publicación, distribución, etc New York :
Nombre del editor, distribuidor, etc. Fawcett Columbine,
Fecha de publicación, distribución, etc 1994
300 ## - DESCRIPCIÓN FÍSICA
Extensión 283 p. ;
Dimensiones 22 cm.
590 ## - NOTA LOCAL
Enlace Inventariado, 2022/VM
650 #4 - ENCABEZAMIENTO DE MATERIA--TEMÁTICO
Término temático o nombre geográfico como elemento de entrada Novela estadounidense.
650 #4 - ENCABEZAMIENTO DE MATERIA--TEMÁTICO
Término temático o nombre geográfico como elemento de entrada Historia de amor
910 ## - VALIDACIÓN
Validación VMateo V
942 ## - ADDED ENTRY ELEMENTS (KOHA)
Koha item type Libros
Source of classification or shelving scheme Dewey Decimal Classification
Existencias
Withdrawn status Lost status Source of classification or shelving scheme Damaged status Not for loan Collection code Home library Current library Date acquired Source of acquisition Total Checkouts Full call number Barcode Date last seen Price effective from Koha item type
    Dewey Decimal Classification     Colección General Biblioteca Pública Metropolitana Salomé Ureña Biblioteca Pública Metropolitana Salomé Ureña 04/28/2022 Rosa Núñez   BPMSU CG 813 B636s 1994 BPMSU22040054 04/28/2022 04/28/2022 Libros